LIBRARY & INFORMATION CENTRE, KCAET, TAVANUR

ONLINE PUBLIC ACCESS CATALOGUE (OPAC)

Development and evaluation of a pulsating micro sprinkler irrigation system (Record no. 15269)

MARC details
000 -LEADER
fixed length control field 00804nam a22002177a 4500
003 - CONTROL NUMBER IDENTIFIER
control field OSt
088 ## - REPORT NUMBER
Report number P 06
100 ## - MAIN ENTRY--AUTHOR NAME
Personal name BINDU P. K
245 ## - TITLE STATEMENT
Title Development and evaluation of a pulsating micro sprinkler irrigation system
260 ## - PUBLICATION, DISTRIBUTION, ETC. (IMPRINT)
Place of publication Tavanur 1992
Name of publisher Department of Land & Water Resources & Conservation Engineering
300 ## - PHYSICAL DESCRIPTION
Number of Pages 111
500 ## - GENERAL NOTE
General note Development and evaluation of a pulsating micro sprinkler irrigation system
520 ## - SUMMARY, ETC.
Summary, etc Development and evaluation of a pulsating micro sprinkler irrigation system
700 ## - ADDED ENTRY--PERSONAL NAME
Personal name Morris K. George
700 ## - ADDED ENTRY--PERSONAL NAME
Personal name Sreevidya H
700 ## - ADDED ENTRY--PERSONAL NAME
Personal name Vishnu B
700 ## - ADDED ENTRY--PERSONAL NAME
Personal name Er. Xavier K. Jacob (Guide)
856 ## - ELECTRONIC LOCATION AND ACCESS
Uniform Resource Identifier https://drive.google.com/open?id=1Jvf9quRmhmIi_F6uk5rTLoMwaj1Z-4hn
942 ## - ADDED ENTRY ELEMENTS (KOHA)
Koha item type Project Report
Holdings
Collection code Home library Current library Shelving location Full call number Accession Number Koha item type
Reference KAUAET KAUAET Reference 631.75807 BIN/DE P6 Project Report
free website counter